Top 10 Cities based off best public transportation services - Statistics

General Stats
  • This quiz has been taken 209 times
  • The average score is 7 of 10
Answer Stats
Rank Continent Answer % Correct
7 Europe London
98%
3 Europe Paris
98%
1 Asia Hong Kong
76%
8 Asia Singapore
75%
4 Asia Seoul
72%
6 Europe Vienna
67%
9 Europe Stockholm
64%
2 Europe Zurich
63%
10 Europe Frankfurt
49%
5 Europe Prague
47%
No matching quizzes found
Score Distribution
Percent of People with Each Score
Percentile by Number Answered
Your Score History
You have not taken this quiz